Statistics for Formula 1 Championship Runners-up

Click here to take the quiz!

General Stats

  • This quiz has been taken 209 times
    (55 since last reset)
  • The average score is 59 of 74

Answer Stats

SeasonCountryDriver% Correct
1993BrazilAyrton Senna
94%
1989BrazilAyrton Senna
94%
2022MonacoCharles Leclerc
94%
2010SpainFernando Alonso
94%
2013SpainFernando Alonso
94%
2012SpainFernando Alonso
94%
2007United KingdomLewis Hamilton
94%
2021United KingdomLewis Hamilton
94%
2016United KingdomLewis Hamilton
94%
2018GermanySebastian Vettel
94%
2017GermanySebastian Vettel
94%
2009GermanySebastian Vettel
94%
2023MexicoSergio Perez
94%
1983FranceAlain Prost
92%
1990FranceAlain Prost
92%
1988FranceAlain Prost
92%
1984FranceAlain Prost
92%
2011United KingdomJenson Button
92%
2006GermanyMichael Schumacher
92%
1998GermanyMichael Schumacher
92%
1950ArgentinaJuan Manuel Fangio
90%
1953ArgentinaJuan Manuel Fangio
90%
2005FinlandKimi Räikkönen
90%
2003FinlandKimi Räikkönen
90%
1976AustriaNiki Lauda
90%
2019FinlandValtteri Bottas
90%
2020FinlandValtteri Bottas
90%
1995United KingdomDamon Hill
88%
1994United KingdomDamon Hill
88%
1963United KingdomGraham Hill
88%
1964United KingdomGraham Hill
88%
1965United KingdomGraham Hill
88%
2000FinlandMika Häkkinen
88%
1987United KingdomNigel Mansell
88%
1986United KingdomNigel Mansell
88%
1991United KingdomNigel Mansell
88%
2008BrazilFelipe Massa
85%
1979CanadaGilles Villeneuve
85%
1996CanadaJacques Villeneuve
85%
2015GermanyNico Rosberg
85%
2014GermanyNico Rosberg
85%
1952ItalyGiuseppe Farina
83%
2004BrazilRubens Barrichello
83%
2002BrazilRubens Barrichello
83%
1973BrazilEmerson Fittipaldi
81%
1975BrazilEmerson Fittipaldi
81%
1951ItalyAlberto Ascari
79%
1972United KingdomJackie Stewart
79%
1968United KingdomJackie Stewart
79%
1980BrazilNelson Piquet
79%
1967AustraliaJack Brabham
77%
2001United KingdomDavid Coulthard
75%
1977South AfricaJody Scheckter
75%
1957United KingdomStirling Moss
73%
1956United KingdomStirling Moss
73%
1958United KingdomStirling Moss
73%
1955United KingdomStirling Moss
73%
1962United KingdomJim Clark
71%
1970BelgiumJacky Ickx
69%
1969BelgiumJacky Ickx
69%
1981ArgentinaCarlos Reutemann
67%
1971SwedenRonnie Peterson
65%
1978SwedenRonnie Peterson
65%
1974SwitzerlandClay Regazzoni
60%
1960New ZealandBruce McLaren
58%
1992ItalyRiccardo Patrese
58%
1997GermanyHeinz-Harald Frentzen
56%
1999United KingdomEddie Irvine
54%
1961GermanyWolfgang von Trips
54%
1966United KingdomJohn Surtees
50%
1982FranceDidier Pironi
42%
1954ArgentinaJosé Froilán González
42%
1985ItalyMichele Alboreto
40%
1959United KingdomTony Brooks
35%

Score Distribution

Percentile by Number Answered

Percent of People with Each Score

Your Score History

You have not taken this quiz since the last reset